00966ngm a2200217 a 450000500170000000800410001708200180005824500770007625000190015330000630017249000140023550001980024965000650044765000470051270000240055926400420058333600270062533700330065233800280068504000350071320220317001251.0160825s1984 ck g 000 0 spa 04a791.43bM14cp13aLa ciudad y los perroscdirección Francisco Lombardihvideograbación a1a. edición  a1 videocasete en VHS (144 minutos)bsonido, color c20 cm  aLa maleta aLa película pertenece a la colección La Maleta. El estuche incluye 15 peliculas latinomericanas. Incluye en el estuche la ficha técnica de cada pelicula. Dirigida para un público adulto142LEMBaPelículas cinematográficas peruanasvVideocasetes 142LEMB aCine latinoamericanovVideocasetes 1 aLombardi, Francisco aBogotábMinisterio de Culturac1984 atextobtxt2rdacontent asin mediaciónbn2rdamedia avolumenbnc2rdacarrier aCO-BoRNBPbspaerdacCO-BoRNBP